00481cam a22001337a 4500008004000000082001700040100001900057245008100076260005700157300001000214650001700224999001900241952008700260180718b1954 xxu||||| |||| 00| 0 eng d aT112x73 K696 aKuznets, Simon aNational income and its composition, 1919-1938cby Simon Kuznets...[et. al.] aNew YorkbNational Bureau of Economic Researchc1954 a929p. aIncome - USA c369984d369984 00104070aIIPAbIIPAd1994-06-03oT112x73 K696p5052r2018-07-21w2018-07-21yBK